000 00466 a2200145 4500
999 _c9375
_d9375
020 _a9781782546634 (hardback)
050 _aK 3981 OTT 2013
100 1 _aOttinger, Richard L.
245 1 0 _aRenewable energy law and development :
_bcase study analysis /
_cRichard L. Ottinger.
264 _aCheltenham:
_bEdward Elgar;
_c2013
300 _a211p.:
500 _aIncludes index
650 _aRenewable energy sources
_xlaw and legislation
942 _2lcc
_cBK
_h3981
_iOTT
_kK